All Countries with Low Fertility Rates - Statistics

General Stats
  • This quiz has been taken 67 times
  • The average score is 87 of 106
Answer Stats
Rate in 2025 (births per woman) Answer % Correct
0.75 South Korea
96%
1.23 Japan
94%
1.47 Russia
94%
1.54 United Kingdom
94%
1.02 China
92%
1.00 Ukraine
92%
0.00 Vatican City
92%
1.88 Vietnam
92%
1.13 Chile
90%
1.42 Norway
90%
1.31 Poland
90%
1.44 Sweden
90%
1.10 Andorra
88%
1.62 Australia
88%
1.39 Belgium
88%
1.74 Bulgaria
88%
1.38 Estonia
88%
1.30 Finland
88%
1.46 Germany
88%
1.35 Latvia
88%
1.22 Lithuania
88%
1.40 Luxembourg
88%
1.53 Malaysia
88%
1.64 New Zealand
88%
1.50 Serbia
88%
0.96 Singapore
88%
1.21 Spain
88%
1.61 United States
88%
1.51 Argentina
87%
1.33 Austria
87%
1.23 Belarus
87%
1.62 Colombia
87%
1.47 Czechia
87%
1.64 France
87%
1.34 Greece
87%
1.50 Iceland
87%
1.60 Ireland
87%
1.54 Liechtenstein
87%
1.94 Peru
87%
1.52 Portugal
87%
1.71 Romania
87%
1.57 Slovakia
87%
1.58 Slovenia
87%
1.50 Bosnia and Herzegovina
85%
1.60 Brazil
85%
1.33 Canada
85%
1.52 Denmark
85%
1.20 Italy
85%
1.87 Mexico
85%
1.72 Moldova
85%
2.09 Monaco
85%
1.44 Netherlands
85%
1.44 Switzerland
85%
0.86 Taiwan
85%
1.47 Croatia
83%
1.94 India
83%
1.67 Iran
83%
1.53 Kosovo
83%
1.11 Malta
83%
1.80 Montenegro
83%
1.47 North Macedonia
83%
1.16 San Marino
83%
2.06 Venezuela
83%
1.79 Ecuador
81%
1.50 Hungary
81%
1.77 North Korea
81%
1.70 Qatar
81%
1.20 Thailand
81%
1.39 Uruguay
81%
1.33 Albania
79%
1.71 Armenia
79%
1.36 Bahamas
79%
1.37 Cyprus
79%
1.94 Nepal
79%
2.09 Panama
79%
1.21 United Arab Emirates
79%
1.78 Bahrain
77%
2.01 Belize
77%
1.44 Bhutan
77%
1.71 Brunei
77%
1.31 Costa Rica
77%
1.47 Dominica
77%
1.79 Georgia
77%
1.34 Jamaica
77%
1.38 Saint Lucia
77%
1.75 St Vincent and the Grenadines
77%
1.62 Turkey
77%
1.67 Azerbaijan
75%
1.75 El Salvador
75%
1.51 Saint Kitts and Nevis
75%
1.71 Barbados
73%
1.46 Grenada
73%
1.50 Kuwait
73%
2.08 Myanmar
73%
1.52 Trinidad and Tobago
73%
1.58 Antigua and Barbuda
71%
1.45 Cuba
71%
1.21 Mauritius
71%
1.98 Morocco
71%
1.86 Palau
71%
1.80 Tunisia
71%
1.55 Maldives
69%
2.08 Seychelles
69%
1.50 Cape Verde
67%
1.88 Philippines
65%
1.94 Sri Lanka
60%
No matching quizzes found
Score Distribution
Percent of People with Each Score
Percentile by Number Answered
Your Score History
You have not taken this quiz